Human ecology : problems and solutions
Αποθηκεύτηκε σε:
| Κύριος συγγραφέας: | |
|---|---|
| Άλλοι συγγραφείς: | , |
| Μορφή: | Βιβλίο |
| Γλώσσα: | English |
| Δημοσίευση: |
San Francisco :
W. H. Freeman,
[1973]
|
| Σειρά: | A Series of books in biology
|
| Θέματα: | |
| Ετικέτες: |
Προσθήκη ετικέτας
Δεν υπάρχουν, Καταχωρήστε ετικέτα πρώτοι!
|
MARC
| LEADER | 00000pam a2200000 i 4500 | ||
|---|---|---|---|
| 001 | 1/71043 | ||
| 008 | 940914s1973 eng d | ||
| 020 | |a 0-7167-0595-8 | ||
| 035 | |l 10002660 | ||
| 040 | |a GR-MY-UA |b gre |e aacr | ||
| 041 | 0 | |a eng | |
| 082 | 0 | |a 304.2 | |
| 100 | 1 | |a Ehrlich, Paul R. | |
| 245 | 1 | 0 | |a Human ecology : |b problems and solutions / |c Paul R. Ehrlich, Anne H. Ehrlich; John P. Holdren |
| 260 | |a San Francisco : |b W. H. Freeman, |c [1973] | ||
| 300 | |a xi, 304 p; |b illu.; |c 24 cm | ||
| 490 | 1 | |a A Series of books in biology | |
| 504 | |a Includes bibliographical references | ||
| 650 | 0 | 0 | |a Human ecology. |
| 650 | 0 | 0 | |a Environmental policy. |
| 650 | 0 | 0 | |a Ecology. |
| 650 | 0 | 0 | |a Environmental health. |
| 650 | 0 | 0 | |a Birth control. |
| 700 | 1 | |a Ehrlich, Anne H. | |
| 700 | 1 | |a Holdren, John P. | |
| 830 | 0 | |a A Series of books in biology | |
| 852 | |a INST |b LESVOS |e 19940914 |h 304.2 EHR |p 005100003665 |q 005100003665 |t BK |y 0 | ||
| 909 | |a Λ |b 01845 | ||